Central Library OPAC University of Rajshahi
Normal view MARC view

Entry Uniform Title

Number of records used in: 2

001 - CONTROL NUMBER

  • control field: 17078

003 - CONTROL NUMBER IDENTIFIER

  • control field: BD-RjUL

005 - DATE AND TIME OF LATEST TRANSACTION

  • control field: 20251006144913.0

008 - FIXED-LENGTH DATA ELEMENTS

  • fixed length control field: 251006|| aca||aabn | a|a d

040 ## - CATALOGING SOURCE

  • Original cataloging agency: BD-RjUL
  • Transcribing agency: BD-RjUL

130 ## - HEADING--UNIFORM TITLE

  • Uniform title: Current theory and research in motivation

670 ## - SOURCE DATA FOUND

  • Source citation: Work cat.: (BD-RjUL)31231: Nebraska Symposium on Motivation. 95035, Nebraska Symposium on Motivation /, 1963